2o. Encuentro de sistemas de cómputo para la administración escolar : (Record no. 15)
[ view plain ]
| 000 -CABECERA | |
|---|---|
| campo de control de longitud fija | 00662nam a2200181 a 4500 |
| 005 - FECHA Y HORA DE LA ÚLTIMA TRANSACCIÓN | |
| campo de control | 20240911064609.0 |
| 008 - ELEMENTOS DE LONGITUD FIJA--INFORMACIÓN GENERAL | |
| campo de control de longitud fija | 991125s1994 mx 000 0 spa u |
| 035 ## - NÚMERO DE CONTROL DEL SISTEMA | |
| Número de control de sistema | UPN01000000015 |
| 049 ## - COLECCIÓN | |
| Colección | CG |
| 050 #4 - SIGNATURA TOPOGRÁFICA DE LA BIBLIOTECA DEL CONGRESO | |
| Número de clasificación | LB1044.9 C6 |
| Número de documento/Ítem | E5.7 1993 |
| 111 2# - ASIENTO PRINCIPAL--NOMBRE DE REUNION | |
| Nombre de congreso/reunión o jurisdicción como elemento de entrada | Encuentro de Sistemas de Cómputo para la Administración Escolar |
| Número del congreso/reunión o número de parte o sección | (2o : |
| Fecha del congreso/reunión | 1993 : |
| Sede del congreso/Lugar de la reunión | México) |
| 245 10 - MENCIÓN DE TÍTULO | |
| Título | 2o. Encuentro de sistemas de cómputo para la administración escolar : |
| Resto del título | memorias. |
| 260 ## - PUBLICACIÓN, DISTRIBUCIÓN, ETC. | |
| Lugar de publicación, distribución, etc. | México : |
| Nombre del editor, distribuidor, etc. | UNAM, Secretaría de Servicios Académicos, |
| Fecha de publicación, distribución, etc. | [1994]. |
| 300 ## - DESCRIPCIÓN FÍSICA | |
| Extensión | xv, 371 p. : |
| Otras características físicas | gráfs., cuadros |
| 650 #4 - ASIENTO SECUNDARIO DE MATERIA - TERMINO TEMATICO | |
| Término de materia o nombre geográfico como elemento de entrada | Computadoras en la educación |
| 9 (RLIN) | 4976 |
| 650 #2 - ASIENTO SECUNDARIO DE MATERIA - TERMINO TEMATICO | |
| Término de materia o nombre geográfico como elemento de entrada | Computadoras |
| 9 (RLIN) | 7643 |
| 905 ## - TIPO DE MATERIAL | |
| Tipo de material | Libro |
| Estado de retiro | Estado de pérdida | Fuente del sistema de clasificación o colocación | Estado dañado | No para préstamo | Código de colección | Localización permanente | Ubicación/localización actual | Ubicación en estantería | Total de préstamos | Clasificación | Código de barras | Fecha visto por última vez | Número de copia | Tipo de ítem Koha |
|---|---|---|---|---|---|---|---|---|---|---|---|---|---|---|
| Library of Congress Classification | Colección General | Bib. Gregorio Torres Quintero | Bib. Gregorio Torres Quintero | Planta baja | 2 | LB1044.9 C6 E5.7 1993 | 114842 | 31/12/2020 | 1 | Libro |
